01142nam a2200265 a 450000100100000000500170001000800410002702000150006804000250008304100390010808200130014710000350016024000620019524501230025726000380038030000210041849000420043953400850048150000740056670000440064083000490068404900090073395201170074299900170085900002434720200930022931.0110126s1986 mx r 001 0 spa d a9684093594 aDO-SdBNPbspacBNPHU17aspaheng2Código de idiomas MARC ann*bnn*1 aEaton Gunn, Chistopher.94993210aWorkers´self management in the united states.lEspañol13aLa autoadministración obrera en los Estados Unidos /cChistopher Eaton Gunn ; traducción Aurora Merino del Villar. aMéxico, D. F. :bEdamex,c1986. a317 p. ;c21 cm.1 aLos libros hacen libres a los hombres aTítulo de la obra en inglés :tWorkers´self management in the united states aIncluye referencias bibliográficas y notas al pie de las páginas.1 aMerillo del Villar, Aurora,etr.949933 0aLos libros hacen libres a los hombres947738 aBNGR 001054708MOaGRbGRcCTd2011-01-26iLF1l0onn* nn*p24347-10r2020-06-25w2020-06-25y4ZPréstamo en sala c23840d23840